Histoire d'un homme du peuple (Record no. 150850)

MARC details
000 -LEADER
campo de control de longitud fija 00641nam a2200193 i 4500
001 - NÚMERO DE CONTROL
campo de control 150850
003 - IDENTIFICADOR DE NÚMERO DE CONTROL
campo de control ES-MaACL
005 - FECHA Y HORA DE LA ÚLTIMA TRANSACCIÓN
campo de control 20251113140547.0
007 - CAMPO FIJO DE DESCRIPCIÓN FÍSICA--INFORMACIÓN GENERAL
campo de control de longitud fija t|
008 - DATOS DE LONGITUD FIJA--INFORMACIÓN GENERAL
campo de control de longitud fija 071114q18501899fr ||||1| fre d
100 0# - ENTRADA PRINCIPAL--NOMBRE DE PERSONA
Nombre de persona Erckmann-Chatrian.
9 (RLIN) 47367
245 10 - MENCIÓN DEL TÍTULO
Título Histoire d'un homme du peuple
Resto del título : [suivi de Les Bohémiens sous la Révolution] /
Mención de responsabilidad, etc. par Erckmann-Chatrian ; illustrée par Riou.
260 ## - PUBLICACIÓN, DISTRIBUCIÓN, ETC.
Lugar de publicación, distribución, etc. [Paris? :
Nombre del editor, distribuidor, etc. J. Hetzel?,
Fecha de publicación, distribución, etc. 18-?]
300 ## - DESCRIPCIÓN FÍSICA
Extensión 116 p. :
Otras características físicas il. ;
Dimensiones 28 cm.
700 1# - ENTRADA AGREGADA--NOMBRE PERSONAL
Nombre de persona Riou, Édouard,
Fechas asociadas al nombre 1833-1900
9 (RLIN) 97410
740 4# - ENTRADA AGREGADA--TÍTULO RELACIONADO/ANALÍTICO NO CONTROLADO
Título relacionado o analítico no controlado Les bohémiens sous la Révolution.
852 ## - LOCALIZACIÓN
Ubicación ES-MaACL
Número de control de estantería C-1917(5)
Holdings
Estatus retirado Estado de pérdida Estado de daño No para préstamo Biblioteca de origen Biblioteca actual Ubicación en estantería Fecha de adquisición Fuente de adquisición Total de préstamos Signatura topográfica completa Código de barras Visto por última vez Precio de reemplazo Tipo de ítem Koha
        Biblioteca del Ateneo de Madrid Biblioteca del Ateneo de Madrid Galería 17/01/2008     C-1917(5) 1157407 23/02/2023 23/02/2023 Libro impreso antiguo